| 000 | 00657nam a2200217Ia 4500 | ||
|---|---|---|---|
| 003 | GCL | ||
| 008 | 140319s9999 xx 000 0 eng d | ||
| 040 |
_aGCL / _cGCL |
||
| 082 | 0 | 4 |
_aCC _b725.1709 _bRC |
| 100 | 1 | _aRABBAT,NASSER | |
| 245 | 1 | 0 |
_aTHE CITADEL OF CAIRO:A NEW INTERPRETATION OF ROYAL MAMLUK ARCHITCTURE / _cRABBAT,NASSER |
| 260 |
_a[S.N] : _bE. J. BRILL ، _c1995 |
||
| 300 | _a339 P | ||
| 650 | 0 | 4 | _aARCHITECTURE |
| 650 | 0 | 4 | _aCITADEL OF THE MOUNTAIN ( CAIRO ) |
| 650 | 0 | 4 | _aMAMELUKE |
| 650 | 0 | 4 | _aARCHITECTURE, MAMELUK CAIRO |
| 650 | 0 | 4 | _aFORTIFICATION - EGYPT, CAIRO |
| 650 | 0 | 4 | _aCAIRO - EGYPT, BUILDINGS STRUCTURE |
| 942 |
_2ddc _cBK |
||
| 999 |
_c11631 _d11631 |
||